Welche Stadt in Thüringen? - Statistiken

Allgemein
  • Dieses Quiz wurde 3.571 mal gespielt
  • Das Durchschnittsergebnis liegt bei 8 aus 20
Antwortstatistiken
Beschreibung Buchstabe Stadt % Korrekt
Landeshauptstadt E Erfurt
99%
Zweitgrößte Stadt Thüringens J Jena
99%
Die Bezeichnung des parlamentarischen Deutschlands von 1919 bis 1933 kommt von dieser Stadt W Weimar
94%
Ehemalige Landeshauptstadt des Fürstentums Reuß jüngerer Linie (1848 bis 1918) sowie des Volksstaates Reuß (1918 bis 1920) G Gera
78%
Diese Stadt ist bekannt durch die Wartburg, wo Martin Luther im Herbst 1521 das Neue Testament vom Griechischen ins Deutsche übersetzte E Eisenach
62%
Goethe- und Universitätsstadt im Tal der Ilm am nordöstlichen Rand des Thüringer Waldes I Ilmenau
51%
Hier wurde im Jahr 1875 die SAP (heute SPD) gegründet G Gotha
49%
Kurioserweise wählten 1991 die Vertreter des Stadtrates diese Stadt zur "Stadt des Friedens" und seit 2005 bezeichnet sich die Stadt aufgrund ihrer Tradition der Jagdwaffenherstellung als "Waffenstadt" S Suhl
40%
Hier wurde im Jahr 1810 das Kartenspiel Skat erfunden A Altenburg
38%
Bedeutendstes Bauwerk dieser Stadt am Südrand des Harzes ist der romanisch-gotische Dom zum Heiligen Kreuz N Nordhausen
35%
Kreisstadt an der Werra im fränkisch geprägten Süden Thüringens M Meiningen
24%
Hier findet man die Feengrotten S Saalfeld
24%
In dieser Stadt an der Grenze zu Bayern wurden einst 20% der weltweiten Spielwaren hergestellt S Sonneberg
23%
Perle des Vogtlandes; Residenzstadt des Fürstentums Reuß älterer Linie, das bis 1918 als selbständiger Bundesstaat im Deutschen Kaiserreich bestand G Greiz
21%
Aufgrund der mehr als 250-jährigen Tradition des Glockengießens ist diese Mittelstadt bis heute überregional als Glockenstadt bekannt A Apolda
20%
Älteste Stadt Thüringens A Arnstadt
20%
Hier findet die größte Stadtkirmes Deutschlands statt M Mühlhausen
20%
Wahrzeichen dieser Stadt ist das Schloss Heidecksburg R Rudolstadt
20%
Hochschulstadt im Südwesten von Thüringen, die lange Zeit politisch-administrativ zu Hessen gehörte S Schmalkalden
19%
Eine der historisch bedeutendsten Städte im Thüringer Becken mit der drittgrößten Altstadt in Thüringen B Bad Langensalza
8%
Keine übereinstimmenden Quizze gefunden
Verteilung der Resultate
Anzahl Personen mit jedem Resultat
Perzentil nach korrekt beantworteten Fragen
Ihre Resultats-Entwicklung
Sie haben dieses Quiz noch nicht gespielt